书目信息 |
| 题名: |
太空探索
|
|
| 作者: | 利生 主编 ;张红强 副主编 | |
| 分册: | ||
| 出版信息: | 广州 广州世界图书出版公司 2010.08 |
|
| 页数: | 198页 | |
| 开本: | 23cm | |
| 丛书名: | 阳光教育必读书系 | |
| 单 册: | ||
| 中图分类: | V11-49 | |
| 科图分类: | ||
| 主题词: | 空间探索--青少年读物 | |
| 电子资源: | ||
| ISBN: | 978-7-5100-1223-5 | |
| 000 | 00787nam 2200253 450 | |
| 001 | 1065097077 | |
| 005 | 20100810180843.65 | |
| 010 | @a978-7-5100-1223-5@dCNY25.80 | |
| 100 | @a20100515d2010 km y0chiy0120 ea | |
| 101 | 0 | @achi |
| 102 | @aCN@b440000 | |
| 105 | @aa z 000yy | |
| 200 | 1 | @a太空探索@Atai kong tan suo@f利生主编@Fli sheng zhu bian@g张红强副主编@Gzhang hong qiang fu zhu bian |
| 210 | @a广州@c广州世界图书出版公司@d2010.08 | |
| 215 | @a198页@c图@d23cm | |
| 225 | 2 | @a阳光教育必读书系 |
| 330 | @a本书介绍了人类探索太空的相关内容。 | |
| 410 | 0 | @12001 @a阳光教育必读书系 |
| 606 | 0 | @a空间探索@x青少年读物 |
| 690 | @aV11-49@v4 | |
| 701 | 0 | @a利生@Ali sheng@4主编 |
| 702 | 0 | @a张红强@Azhang hong qiang@4副主编 |
| 801 | 0 | @aCN@c20100515 |
| 905 | @dV11-49@eL367@f5 | |
| 太空探索/利生主编/张红强副主编.-广州:广州世界图书出版公司,2010.08 |
| 198页:图;23cm.-(阳光教育必读书系) |
| ISBN 978-7-5100-1223-5:CNY25.80 |
| 本书介绍了人类探索太空的相关内容。 |
| ● |
| 相关链接 |
|
|
|
正题名:太空探索
索取号:V11-49/L367
 
预约/预借
| 序号 | 登录号 | 条形码 | 馆藏地/架位号 | 状态 | 备注 |
| 1 | 1023203 | 210232032 | 自科库501/501自科库 59排5列2层/ [索取号:V11-49/L367] | 在馆 | |
| 2 | 1023204 | 210232041 | 自科库501/501自科库 59排5列2层/ [索取号:V11-49/L367] | 在馆 | |
| 3 | 1023205 | 210232050 | 自科库501/501自科库 59排5列2层/ [索取号:V11-49/L367] | 在馆 | |
| 4 | 1023206 | 210232069 | 期刊室512/501自科库 59排5列2层/ [索取号:V11-49/L367] | 在馆 | |
| 5 | 1023207 | 210232078 | 期刊室512/501自科库 59排5列2层/ [索取号:V11-49/L367] | 在馆 |